MARC details
| 000 -CABECERA |
| campo de control de longitud fija |
02839cam a2200385 i 4500 |
| 001 - NÚMERO DE CONTROL |
| campo de control |
22310790 |
| 005 - FECHA Y HORA DE LA ÚLTIMA TRANSACCIÓN |
| campo de control |
20250616095358.0 |
| 008 - DATOS DE LONGITUD FIJA--INFORMACIÓN GENERAL |
| campo de control de longitud fija |
211115t20222022enka b 001 0 eng d |
| 010 ## - NÚMERO DE CONTROL DE LA BIBLIOTECA DEL CONGRESO |
| Número de control de LC |
2021950725 |
| 015 ## - NÚMERO DE BIBLIOGRAFÍA NACIONAL |
| Número de bibliografía nacional |
GBC277493 |
| Fuente |
bnb |
| 016 7# - NÚMERO DE CONTROL DE UNA AGENCIA BIBLIOGRÁFICA NACIONAL |
| Número de control del registro |
020572635 |
| Fuente |
Uk |
| 020 ## - NÚMERO INTERNACIONAL ESTÁNDAR DEL LIBRO |
| Número Internacional Estándar del Libro |
9781509548927 |
| Información calificativa |
(print) |
| 035 ## - NÚMERO DE CONTROL DEL SISTEMA |
| Número de control de sistema |
(OCoLC)on1282007343 |
| 040 ## - FUENTE DE LA CATALOGACIÓN |
| Centro catalogador/agencia de origen |
YDX |
| Lengua de catalogación |
eng |
| Normas de descripción |
rda |
| Centro/agencia transcriptor |
YDX |
| Centro/agencia modificador |
BDX |
| -- |
UKMGB |
| -- |
OCLCF |
| -- |
VU@ |
| -- |
YDX |
| -- |
QGJ |
| -- |
CDX |
| -- |
UAB |
| -- |
YT1 |
| -- |
PAU |
| -- |
NWQ |
| -- |
ORZ |
| -- |
OCLCO |
| -- |
DLC |
| 041 ## - CÓDIGO DE LENGUA |
| Código de lengua del texto/banda sonora o título independiente |
eng |
| 042 ## - CÃDIGO DE AUTENTICACIÃN |
| Código de autenticación |
lccopycat |
| 050 00 - SIGNATURA TOPOGRÁFICA DE LA BIBLIOTECA DEL CONGRESO |
| Número de clasificación |
HM743.T55 |
| Número de documento/Ítem |
K39 2022 |
| 100 ## - ENTRADA PRINCIPAL--NOMBRE DE PERSONA |
| Nombre de persona |
Kaye, D. Bondy Valdovinos, |
| Término indicativo de función/relación |
author. |
| Código de función |
aut |
| 9 (RLIN) |
24912 |
| 245 10 - MENCIÓN DE TÍTULO |
| Título |
TikTok |
| Resto del título |
: creativity and culture in short video |
| Mención de responsabilidad, etc. |
/ D. Bondy Valdovinos Kaye, Jing Zeng, Patrik Wikström. |
| 264 #1 - PRODUCCIÓN, PUBLICACIÓN, DISTRIBUCIÓN, FABRICACIÓN Y COPYRIGHT |
| Producción, publicación, distribución, fabricación y copyright |
Cambridge, UK ; |
| -- |
Medford, MA, USA : |
| Nombre del de productor, editor, distribuidor, fabricante |
Polity, |
| Fecha de producción, publicación, distribución, fabricación o copyright |
2022. |
| 264 #4 - PRODUCCIÓN, PUBLICACIÓN, DISTRIBUCIÓN, FABRICACIÓN Y COPYRIGHT |
| Fecha de producción, publicación, distribución, fabricación o copyright |
©2022 |
| 300 ## - DESCRIPCIÓN FÍSICA |
| Extensión |
ix, 251 pages : |
| Otras características físicas |
illustrations ; |
| Dimensiones |
22 cm. |
| 338 ## - TIPO DE SOPORTE |
| Nombre/término del tipo de soporte |
volume |
| Código del tipo de soporte |
nc |
| Fuente |
rdacarrier |
| 490 1# - MENCIÓN DE SERIE |
| Mención de serie |
Digital media and society series |
| 504 ## - NOTA DE BIBLIOGRAFÍA, ETC. |
| Nota de bibliografía, etc. |
Includes bibliographical references (pages 213-244) and index. |
| 505 ## - NOTA DE CONTENIDO CON FORMATO |
| Nota de contenido con formato |
Introduction: Creativity and Culture in Short Video —<br/>A Brief History of the Short Video Industry —<br/>The TikTok Platform Infrastructure —<br/>TikTok Communities —<br/>TikTok Activism —<br/>The TikTok Economy —<br/>TikTok Governance —<br/>The Future of TikTok. |
| 520 ## - SUMARIO, ETC. |
| Sumario, etc. |
Since its acquisition and rebranding in 2018, TikTok has become one of the fastest growing platforms in the world. Moreover, it's the first Chinese-developed platform to find mainstream international success, carving its own niche in the global short video industry.<br/><br/>In the first comprehensive exploration of TikTok, Kaye, Zeng, and Wikström provide a history of the emergent genre of short video and situate the platform within the cultures and controversies that have accompanied its dramatic growth. They provide an extensive overview of TikTok's functions and uses, the diverse markets in which the platform operates, and the issues of governance that have impacted its expansion. Once thought to be 'just for kids', the authors illustrate how TikTok is further transforming platform cultures and the dynamics of broader creative industries. TikTok, the authors argue, represents an evolutionary step in the way culture is produced and consumed on digital platforms.<br/><br/>This timely book is essential reading for students and scholars in media and communication studies and for anyone who has been captivated by the global growth of TikTok and short video. |
| 650 #0 - PUNTO DE ACCESO ADICIONAL DE MATERIA--TÉRMINO DE MATERIA |
| Término de materia o nombre geográfico como elemento de entrada |
TikTok (Electronic resource) |
| Subdivisión general |
Social aspects. |
| 650 #0 - PUNTO DE ACCESO ADICIONAL DE MATERIA--TÉRMINO DE MATERIA |
| Término de materia o nombre geográfico como elemento de entrada |
Online social networks |
| 9 (RLIN) |
7708 |
| 650 #0 - PUNTO DE ACCESO ADICIONAL DE MATERIA--TÉRMINO DE MATERIA |
| Término de materia o nombre geográfico como elemento de entrada |
Social media and society. |
| 9 (RLIN) |
24916 |
| 700 ## - ENTRADA AGREGADA--NOMBRE PERSONAL |
| Nombre de persona |
Zeng, Jing |
| Títulos y otros términos asociados al nombre |
(Senior research and teaching associate), |
| Término indicativo de función/relación |
author. |
| Código de función |
aut |
| 700 ## - ENTRADA AGREGADA--NOMBRE PERSONAL |
| Nombre de persona |
Wikström, Patrik, |
| Término indicativo de función/relación |
author. |
| Código de función |
aut |
| 9 (RLIN) |
24921 |
| 830 #0 - PUNTO DE ACCESO ADICIONAL DE SERIE-TÍTULO UNIFORME |
| Título uniforme |
Digital media and society series. |
| 942 ## - ELEMENTOS DE ENTRADA AGREGADA (KOHA) |
| Fuente del sistema de clasificación o colocación |
Clasificación de Library of Congress |